Statistics for Top Ranked NFL Players of the 2010s

Click here to take the quiz!

General Stats

  • This quiz has been taken 7,168 times
    (2,351 since last reset)
  • The average score is 16 of 33

Answer Stats

Points Pos. Player % Correct
884QBTom Brady
99%
445QBPeyton Manning
87%
848QBAaron Rodgers
82%
563TERob Gronkowski
80%
795QBDrew Brees
79%
537QBRussell Wilson
67%
615QBBen Roethlisberger
66%
558WRAntonio Brown
65%
543WRJulio Jones
64%
555DEJ.J. Watt
61%
464WRCalvin Johnson
60%
368QBPhilip Rivers
58%
468QBCam Newton
51%
352QBMatt Ryan
50%
526RBAdrian Peterson
50%
573CBPatrick Peterson
50%
433CBRichard Sherman
45%
397SEarl Thomas
41%
355WROdell Beckham Jr.
41%
463LTJoe Thomas
40%
376DTAaron Donald
35%
601WRLarry Fitzgerald
34%
602DEVon Miller
34%
383QBAndrew Luck
32%
556WRA.J. Green
31%
419DEKhalil Mack
29%
448CBDarrelle Revis
25%
536LBLuke Kuechly
24%
459DTNdamukong Suh
23%
484RBLeSean McCoy
18%
363LBClay Matthews
14%
399DEDeMarcus Ware
11%
357RBJamaal Charles
11%

Score Distribution

Percentile by Number Answered

Percent of People with Each Score

Your Score History

You have not taken this quiz since the last reset